00616 2200193 4500001002100000005001700021008004100038020002200079035002400101082001100125090002100136100001600157245011700173260002900290300002400319650002100343700003700364999002100401YOGYA-0213000000097920130225121115.0 ind  a978-979-29-3158-7 0010-021300000000979 a028.55 aDep 028.55 Cit D aCITRA , Kak aDisini senang di sana senang : Lido dan lebah / Kak Citra ; ilus trator, Kak Yayan ; editor, Paulus Yesaya Jati. aYogyakartabNyonyoc2012 a25 hlmbilusc23 cm aBacaan bergambar aYayan, Kakak, Paulus Yesaya Jati aCB-D.11 2012-975